• 首页
  • 本馆介绍
  • 公告通知
  • 最新文献
  • 馆藏检索
  • 电子资源
  • 读者导购
  • 参考咨询
  • 我的图书馆
  • 登录
  • 详细信息显示
  • 放入我的书架
  • 预约/预借图书
  • 作者相关作品
  • 分类相关作品
  • 丛书相关作品
  • 出版社相关作品

书目信息

  • 表格格式
  • 工作单格式
  • 卡片格式
题名:
大追剿
    
 
作者: 刘道林 著
分册:  
出版信息: 南宁   广西人民出版社  1996
页数: 506页
开本: 20cm
丛书名: 1994:中国历史大转折丛书
单 册:
中图分类: K266.606
科图分类:
主题词: 第三次国内革命战争--史料
电子资源:
ISBN: 7-219-03042-8
000 00691nnam 2200241 45
001 1238847837
005 20121013104838.70
010    @a7-219-03042-8@dCNY28.60
100    @a19950704d1996 em y0chiy0121 ea
101 0  @achi
102    @aCN@b450000
105    @ay z 000zd
200 10 @a大追剿@ADA ZHUI JIAO@f刘道林著@FLIU DAO LIN ZHU
210    @a南宁@c广西人民出版社@d1996
215    @a506页@d20cm
225 2  @a1994:中国历史大转折丛书
410  0 @120010@a1994:中国历史大转折丛书
540 1  @a解放战争@AJIE FANG ZHAN ZHENG
606    @a第三次国内革命战争@x史料
690    @aK266.606
701  0 @a刘道林@ALIU DAO LIN@4著
801  0 @aCN@bTSSF@c19950704
905    @a10447@dK266.606@eJY45
    
    大追剿/刘道林著.-南宁:广西人民出版社,1996
    506页;20cm.-(1994:中国历史大转折丛书)
    
    
    ISBN 7-219-03042-8:CNY28.60
    
●
相关链接 在E读中查询图书 在五车中查询图书 在当当中查询图书 在豆瓣中查询图书


正题名:大追剿     索取号:K266.606/JY45         预约/预借

序号 登录号 条形码 馆藏地/架位号 状态 备注
1 7822546   278225467   学院路分馆/ [索取号:K266.606/JY45] 在馆    
2 7822547   278225476   学院路分馆/ [索取号:K266.606/JY45] 在馆    
唐山师范学院图书馆 欢迎您!
大连网信软件有限公司© 版权所有